| 000 | 00608nam a22001937a 4500 | ||
|---|---|---|---|
| 005 | 20140917110950.0 | ||
| 010 | _aENG-110877 | ||
| 020 |
_a9789351431985 _c160.00 |
||
| 035 | _aEN-94409 | ||
| 037 | _bDBAD/PUB | ||
| 082 | _a346.54048 | ||
| 100 | _aSharma, Kriti | ||
| 245 |
_aIntellectual property rights-II / _cby Kriti Sharma [and] Vedant Shukla |
||
| 260 |
_aGurgaon _bLexis Nexis _c2014 |
||
| 270 |
_a14th Floor, Building No.10, Tower-B, DLF Cyber City, Phase-II _bGurgaon _e122002 |
||
| 300 |
_axi,120p. _c22cm(pbk) |
||
| 700 | _aShukla, Vedant | ||
| 942 |
_2ddc _cEN _mSHA _h346.54048 |
||
| 999 |
_c88709 _d88709 |
||